| 000 | 00397nam a2200121Ia 4500 | ||
|---|---|---|---|
| 008 | 220216s9999 xx 000 0 und d | ||
| 100 | _aThomas E V | ||
| 245 | 0 | _aProcessing of smallholders rubber in India | |
| 260 |
_bProgress and development of rubber smallholders: Proceedings of the Second Seminar, Hat Yai, Thailand, 1976 _c1977 |
||
| 700 | _aNair M K B | ||
| 700 | _aThomas T M | ||
| 942 | _cJS | ||
| 999 |
_c65792 _d65792 |
||